| 000 | 01036nam a2200301Ia 4500 | ||
|---|---|---|---|
| 005 | 20220317001018.0 | ||
| 008 | 160825s2009 ck g 000 0 spa | ||
| 020 | _a9789580422012 | ||
| 100 | 1 |
_aStendhal, Henry Beyle _d1783-1842 |
|
| 245 | 1 | 0 |
_aRojo y negro _cStendhal ; traducido por Hernando Valencia Goelkel |
| 250 | _a1a. edición | ||
| 300 |
_a590, 75 páginas (En paginación variada) _c24 cm |
||
| 490 | _aCara y cruz | ||
| 650 | 1 | 4 |
_2LEMB _aNovela francesa _ySiglo XIX |
| 650 | 1 | 4 |
_2LEMB _aLiteratura francesa _ySiglo XIX |
| 650 | 1 | 4 |
_2LEMB _aAristocracia en la literatura |
| 650 | 1 | 4 |
_2LEMB _aAmbición en la literatura |
| 650 | 1 | 4 |
_2LEMB _aPolítica en al literatura |
| 700 | 1 |
_aValencia Goelkel, Hernando _964383 |
|
| 740 | _aA propósito de Stendhal y su obra | ||
| 942 |
_2loc _cBKLIT |
||
| 264 |
_aBogotá _bNorma _c2009 |
||
| 336 |
_atexto _btxt _2rdacontent |
||
| 337 |
_asin mediación _bn _2rdamedia |
||
| 338 |
_avolumen _bnc _2rdacarrier |
||
| 040 |
_aCO-BoRNBP _bspa _erda _cCO-BoRNBP |
||
| 084 | _aN STE3 | ||
| 999 |
_c5664 _d5664 |
||